Andriy Halashyn (Record no. 12165)

MARC details
000 - LÍDER
campo de control de longitud fija 01048nam a2200241Ia 4500
008 - ELEMENTOS DE DATOS DE LONGITUD FIJA - INFORMACIÓN GENERAL
campo de control de longitud fija 0000002008 pn ad 0000000000spa00
090 ## - NÚMERO DE LLAMADA DE TIPO LC LOCALMENTE ASIGNADO (OCLC)
Número de clasificación (OCLC) (R) PUN00 S12a
100 1# - ENTRADA PRINCIPAL - NOMBRE PERSONAL
Nombre de la persona Saenger, Lino von
245 10 - TÍTULO DECLARACIÓN
Título Andriy Halashyn
Declaración de responsabilidad / texto Lino Von Saenger
260 ## - PUBLICACIÓN, DISTRIBUCIÓN
Lugar de publicación Panamá : Galería Arteconsult
Fecha de publicación 2008
300 ## - DESCRIPCIÓN FÍSICA
Alcance [12] p.
Dimensiones / 20 cm.
500 ## - NOTA GENERAL
Nota general Exposición realizada en : Arteamericas, Miami, marzo, 2008; Galeria Arteconsult, Panamá, junio, 2008 \ Incluye cronología del artista \ Proyecto Ganador Programa Apoyos Concertados FGAA 2010
501 ## - Con nota
Con nota Utopias parciales / Lino von Saenger
505 ## - NOTA DE CONTENIDO FORMATEADA
Nota sobre el contenido formateado Baby garbage Queen's garbage Garducale Kawakubo's II de Jacobs PzKpfw miX Middle east happiness Garbage di Venezia 2
600 00 - ENTRADA DE SUJETO AÑADIDO - NOMBRE PERSONAL
Nombre de la persona HALASHYN, ANDRIY, 1979/
Subdivisión general TRABAJOS PICTORICOS
650 14 - ENTRADA DE SUJETO AÑADIDO - TÉRMINO TÓPICO
Término tópico o elemento de entrada del nombre geográfico ARTE CONTEMPORANEO UCRANIANO
650 14 - ENTRADA DE SUJETO AÑADIDO - TÉRMINO TÓPICO
Término tópico o elemento de entrada del nombre geográfico ARTISTAS PLASTICOS UCRANIANOS
650 14 - ENTRADA DE SUJETO AÑADIDO - TÉRMINO TÓPICO
Subdivisión general CATALOGOS
650 14 - ENTRADA DE SUJETO AÑADIDO - TÉRMINO TÓPICO
Subdivisión general EXPOSICIONES
650 14 - ENTRADA DE SUJETO AÑADIDO - TÉRMINO TÓPICO
Término tópico o elemento de entrada del nombre geográfico PINTORES UCRANIANOS
650 14 - ENTRADA DE SUJETO AÑADIDO - TÉRMINO TÓPICO
Término tópico o elemento de entrada del nombre geográfico PINTURA AL OLEO
650 14 - ENTRADA DE SUJETO AÑADIDO - TÉRMINO TÓPICO
Término tópico o elemento de entrada del nombre geográfico PINTURA UCRANIANA
Holdings
Estado de retirada Pérdida de estatus Estado dañado No para préstamo Código de recogida Ubicación permanente Ubicación actual Ubicación de las estanterías Fecha de adquisición Número de llamada completo Código de barras Fecha de la última vez que se vio Número de copia Precio efectivo desde Tipo de artículo Koha
        General ArtNexus ArtNexus General 06/09/2022 P-UN-00 S12A 12286 06/09/2022 Ej.1 06/09/2022 Libro

Powered by Koha